| 000 | 00550nam a2200181 a 4500 | ||
|---|---|---|---|
| 020 | _a0709919182 (hb) | ||
| 082 |
_a355.0090 _bOSU _cD |
||
| 100 | 1 |
_aO'Sullivan, Patrick _948618 |
|
| 245 | 1 | _aThe Geography of warfare | |
| 260 |
_aLondon: _bCroom Helm, _c1983 |
||
| 300 | _a171p. | ||
| 526 |
_a0 _b0 _c0 _d355_009000000000000_OSU |
||
| 526 |
_a0 _b0 _c0 _d355_009000000000000_OSU |
||
| 526 |
_a0 _b0 _c0 _d355_009000000000000_OSU |
||
| 526 |
_a0 _b0 _c0 _d355_009000000000000_OSU |
||
| 650 |
_aMilitray out and Science -- History _948619 |
||
| 942 |
_2ddc _cBK |
||
| 999 |
_c551492 _d551492 |
||